000 00449nam a2200193Ia 4500
005 20240823054719.0
008 240823s9999||||xx |||||||||||||| ||und||
020 _a0-435-99956-7
041 _aENGLISH
082 _A371.20941 P5
100 _aDavid Medgett
245 0 _aPublishing Your School
250 _a1st
260 _c2005
_bRain Tree Publishing Pv
500 _aYES
650 _aGeneral
_bGeneral
942 _cBK
999 _c227103
_d227103